000 00563nam a2200229Ia 4500
003 OSt
005 20220924144100.0
006 a|||||r|||| 00| 0
007 ta
008 220923b |||||||| |||| 00| 0 urd d
024 _a311765
037 _cTextual
040 _aARTS
_cARTS
_burd
041 _2urd
_aurd
082 _aO168,1:g, K4
100 _aMohammad Shareef
_9216986
245 0 _aNafhatul hind
260 _c1964
650 _aURDU POETRY
942 _hO168,1:g, K4
_cTEXL
_2CC
999 _c456017
_d456017